00422naa#a2200145#i#4500001001600000005001700016011001400033100004100047102000700088200005200095210007200147215001000219608002700229856002000256EN\\bibl\11829120260418171459.6##a2409-1073##a20260401b2026####ek#y0engy0150####ca##aRU1#aMemorable and remarkable dateseJournal article1#aMoscowcNational Research University of Electronic Technologyd2026##a0 с.##aJournal article2local4#aesgi-journal.ru